Statistics for Largest cities in Bosnia

Click here to take the quiz!

General Stats

  • This quiz has been taken 34 times
  • The average score is 4 of 5

Answer Stats

Answer % Correct
Sarajevo
100%
Banja Luka
79%
Zenica
64%
Tuzla
64%
Mostar
64%

Score Distribution

Percentile by Number Answered

Percent of People with Each Score

Your Score History

You have not taken this quiz